01224cam a22003255i 4500999001500000003000900015005001700024008004100041020001500082020001800097040004300115082002400158100002900182245014800211250002000359264007500379264001000454300002800464336002600492337002800518338002700546500002000573650003600593650004000629651001000669653002100679700002900700942001200729952015700741 c9523d9523EG-ScBUE20200108122750.0190728t19661966nju f 001 0 eng d a0133417360 a9780133417364 aEG-ScBUEbengerdacEG-ScBUEdEG-ScBUE04a808.066657bMAY2221 aMay, Claire B.,eauthor.10aEffective writing :ba handbook for accountants /cClaire May, Ph.D., University of South Alabama, Gordon S. May, Ph.D., University of Georgia. aFourth edition. 1aUpper Saddle River, New Jersey :bPrentice-Hall International,c[1996] 4cc1996 axiv, 240 pages ;c23 cm atextbtxt2rdacontent aunmediatedbn2rdamedia avolumebnc2rdacarrier aIncludes index. 7aBusiness report writing.2BUEsh 7aCommunication in accounting.2BUEsh 2BUEsh bHHUUEENNbBUSADM1 aMay, Gordon S.,eauthor. cBB2ddc 00102ddc40708AlahramaMAINbMAINc2NDd2008-05-18ePurchasel1m1o808.066657 MAYp000011390r2025-07-15 00:00:00s2010-05-10v98.00w2008-05-18yBB